| 000 | 01519cam a2200349 a 4500 | ||
|---|---|---|---|
| 001 | 14219991 | ||
| 005 | 20170105102921.0 | ||
| 008 | 060105s2006 nyu 001 0 eng | ||
| 010 | _a 2006355014 | ||
| 020 | _a0743270665 | ||
| 035 | _a(OCoLC)ocm62764515 | ||
| 040 |
_aBKL _cBKL _dDLC |
||
| 042 | _alccopycat | ||
| 043 | _an-us--- | ||
| 050 | 0 | 0 |
_aJK468.I6 _bR57 2006 |
| 100 | 1 | _aRisen, James. | |
| 245 | 1 | 0 |
_aState of war : _bthe secret history of the CIA and the Bush administration / _cJames Risen. |
| 260 |
_aNew York : _bFree Press, _cc2006. |
||
| 300 |
_a240 p. ; _c24 cm. |
||
| 500 | _aIncludes index. | ||
| 600 | 1 | 0 |
_aBush, George W. _q(George Walker), _d1946- |
| 600 | 1 | 0 |
_aBush, George, _d1924- |
| 610 | 1 | 0 |
_aUnited States. _bCentral Intelligence Agency. |
| 651 | 0 |
_aUnited States _xPolitics and government _y1989- |
|
| 856 | 4 | 2 |
_3Publisher description _uhttp://www.loc.gov/catdir/enhancements/fy0631/2006355014-d.html |
| 856 | 4 | 1 |
_3Table of contents only _uhttp://www.loc.gov/catdir/enhancements/fy0631/2006355014-t.html |
| 856 | 4 | 1 |
_3Sample text _uhttp://www.loc.gov/catdir/enhancements/fy0641/2006355014-s.html |
| 856 | 4 | 2 |
_3Contributor biographical information _uhttp://www.loc.gov/catdir/enhancements/fy1107/2006355014-b.html |
| 906 |
_a7 _bcbc _ccopycat _d1 _encip _f20 _gy-gencatlg |
||
| 942 |
_2ddc _cBK |
||
| 999 |
_c15587 _d15587 |
||